Libro de aves para niños de la desembocadura del río Lluta Arica - Chile
Na minha lista:
| Autor principal: | |
|---|---|
| Formato: | Livro |
| Idioma: | espanhol |
| Publicado em: |
Arica
Ediciones Universidad de Tarapacá
2017
|
| Edição: | 1a. ed |
| Assuntos: | |
| Tags: |
Adicionar Tag
Sem tags, seja o primeiro a adicionar uma tag!
|
MARC
| LEADER | 00000cam a2200000 a 4500 | ||
|---|---|---|---|
| 001 | UCC2944 | ||
| 003 | CL-VaPUC | ||
| 008 | 180329e20170000cl |||||||||||||||||spa|d | ||
| 020 | |a 9789567021741 | ||
| 082 | 0 | 4 | |a 598.0723483123 |b PER |2 21 |
| 100 | 0 | |a Peredo Manríquez, Ronny |e author |9 596929 | |
| 245 | 1 | 0 | |a Libro de aves para niños de la desembocadura del río Lluta Arica - Chile |
| 250 | |a 1a. ed | ||
| 300 | |a 244 p | ||
| 942 | |c BK | ||
| 945 | |d 20180329 11:34:00 |a dcastane | ||
| 260 | |a Arica |b Ediciones Universidad de Tarapacá |c 2017 | ||
| 650 | 0 | |a Aves |9 262192 | |
| 650 | 0 | |a Ornitología |9 269493 | |
| 650 | 7 | |a LIBROS PARA NIÑOS |2 CL-VaPUC |9 338707 | |
| 650 | 0 | |a Literatura infantil |9 307465 | |
| 583 | |a last modification |c 20180329 11:34:00 |k Rodrigo Vera | ||
| 999 | |c 370828 |d 370826 | ||
| 952 | |0 0 |1 0 |3 erd |4 0 |6 598_072348312300000_PER_2017 |7 0 |8 C |9 487498 |a BIBCUR |b BIBCUR |i 5460581 |l 4 |o 598.0723483123 PER 2017 |p 5460581 |r 2025-04-22 |s 2025-03-26 |w 2019-11-24 |y BK |z Catalogado en:20180329 |k CAC | ||